01115 2200349 4500001002100000005001500021035002000036007000300056008004100059020002200100082001400122084001600136100002400152245015500176250003400331300003900365500001100404650001400415700003300429700002900462700003400491504003400525264003200559336002100591337003000612338002300642040002200665090002200687850001200709999002200721990002200743INLIS00000000090117220260106023419 a0010-0126000105ta260106s2025 yoia g 1 ind d a978-634-01-1533-804223a519.5 a519.5 ZUL s0 aZulfikarePengarang10aStatistika kuantum :bteori, evolusi, dan aplikasinya berbasis quantum kernel hybrid /cZulfikar, Mohamad Nasirudin, Ambar Susanti, Primaadi Airlangga aCetakan Pertama, Oktober 2025 axvi, 333 halaman :bbagan ;c23 cm aindeks 4aStatistik0 aMohamad NasirudinePengarang0 aAmbar SusantiePengarang0 aPrimaadi AirlanggaePengarang aBibliografi : halaman 314-31931aSleman :bDeepublish,c2025 2rdacontentateks 2rdamediaatanpa perantara 2rdacarrieravolume aYOPDYOGbinderda aCB-D.11 2025-3861 aYOPDYOG aCB-D.11/2025-3861 aCB-D.11/2025-3861